000 00846nam a22002177a 4500
999 _c11214
_d11214
003 AR-CdUCM
008 190403b ||||| |||| 00| 0 spa d
040 _aMUNICIPALIDAD PROVINCIAL DEL CUSCO
_cBIBLIOTECA MUNICIPAL DEL CUSCO
082 _25 ed.
_a301.982 /
_bS35 / 1918
100 _aIngenieros, José
_9579
245 _aSociología Argentina /
260 _aBuenos Aires :
_bRosso,
_c1918.
300 _a515 páginas ;
_c20 cm.
500 _aEdición económica de las obras completas revisadas y anotadas por Anibal Ponce 8.
505 _aContenido : La evolución sociológica argentina -- Critica sociológica -- Los iniciadores de la sociología argentina -- La formación de una raza argentina ...
650 _aSociología
_9276
650 _aEvolución
_97012
650 _aArgentina
_9511
942 _2ddc
_cLIBROS
945 _arah